[Event "Petah Tikva Winter IM-A"]
[Site "Petah Tikva"]
[Date "2020.02.10"]
[Round "5"]
[White "Mesropov, Konstantin Eduard"]
[Black "Cohen Revivo, Shoham"]
[Result "1/2-1/2"]
[WhiteElo "2416"]
[BlackElo "2256"]
[PlyCount "96"]
[EventDate "2020.01.26"]
[EventType "tourn"]
[EventRounds "9"]
[EventCountry "ISR"]
[EventCategory "3"]
[SourceTitle "CBM 195 Extra"]
[Source "ChessBase"]
[SourceDate "2020.05.31"]
[SourceVersion "1"]
[SourceVersionDate "2020.05.31"]
[SourceQuality "1"]

1. d4 Nf6 2. Nf3 e6 3. Bf4 c5 4. e3 d5 5. c3 Nc6 6. Nbd2 Bd6 7. Bg3 0-0 8. Bd3 b6 9. e4 Be7 10. Ne5 Bb7 11. Nxc6 Bxc6 12. e5 Ne4 13. 0-0 Qd7 14. dxc5 Nxd2 15. Qxd2 bxc5 16. f4 g6 17. Qe2 c4 18. Bc2 d4 19. cxd4 Qxd4+ 20. Bf2 Qxb2 21. Rfb1 Qa3 22. Qxc4 Rac8 23. Be4 Bd5 24. Qe2 Rfd8 25. Bxd5 Rxd5 26. Rd1 Rcd8 27. Rxd5 Rxd5 28. g3 Bc5 29. Rf1 Qc3 30. Bxc5 Qxc5+ 31. Kg2 Rd4 32. Rf2 Kg7 33. Qf3 h5 34. Kh3 a5 35. Qe3 Qd5 36. Qf3 Qc4 37. Qb3 Qc6 38. Qe3 Qd7 39. Qf3 a4 40. Rc2 Rd2 41. Rxd2 Qxd2 42. Qa3 Qc2 43. Qe7 Qf5+ 44. Kg2 Qe4+ 45. Kh3 Qf5+ 46. Kg2 Qc2+ 47. Kh3 Qd1 48. a3 Qg4+ 1/2-1/2

[Event "ISR-chT"]
[Site "Israel"]
[Date "2020.01.18"]
[Round "4.3"]
[White "Mesropov, Konstantin Eduard"]
[Black "Gorshtein, Ido"]
[Result "1/2-1/2"]
[WhiteElo "2416"]
[BlackElo "2372"]
[PlyCount "125"]
[EventDate "2020.01.10"]
[EventType "team-tourn"]
[EventRounds "11"]
[EventCountry "ISR"]
[SourceTitle "CBM 194 Extra"]
[Source "ChessBase"]
[SourceDate "2020.03.31"]
[SourceVersion "1"]
[SourceVersionDate "2020.03.31"]
[SourceQuality "1"]
[WhiteTeam "Petah Tikva Elitzur Dov"]
[BlackTeam "Kfar Saba Hapoel"]
[WhiteTeamCountry "ISR"]
[BlackTeamCountry "ISR"]

1. c4 f5 2. Nc3 Nf6 3. Nf3 g6 4. g3 Bg7 5. Bg2 0-0 6. 0-0 d6 7. d4 c6 8. Qc2 Na6 9. a3 Kh8 10. b4 Be6 11. c5 Nc7 12. Bb2 a5 13. Ng5 Bc4 14. Na4 Bg8 15. Nb6 Ra6 16. bxa5 Rxa5 17. a4 h6 18. Nf3 Ncd5 19. Nh4 Bh7 20. Nc4 Ra7 21. cxd6 exd6 22. a5 Qd7 23. Bh3 g5 24. e4 Nxe4 25. Qxe4 g4 26. Bxg4 fxg4 27. Ng6+ Bxg6 28. Qxg6 Rf6 29. Qe4 Ra8 30. Rae1 Raf8 31. Ba3 h5 32. Nb6 Nxb6 33. axb6 Rf5 34. Qe7 Qxe7 35. Rxe7 Bxd4 36. Bxd6 R8f7 37. Re8+ Kh7 38. Bf4 Bxb6 39. Ra1 Ra5 40. Rxa5 Bxa5 41. Re5 Bd8 42. Rxh5+ Kg6 43. Rh8 Bf6 44. Rc8 Bd4 45. Kg2 Re7 46. Rg8+ Kf5 47. Rg5+ Ke4 48. Rxg4 Kd3 49. h4 c5 50. Rg8 b5 51. Rb8 b4 52. h5 Kc2 53. h6 b3 54. Bd6 Rf7 55. Bxc5 Bxc5 56. Rc8 Rxf2+ 57. Kh3 Rf5 58. h7 b2 59. h8Q b1Q 60. Rxc5+ Rxc5 61. Qh7+ Kb2 62. Qb7+ Kc1 63. Qh1+ 1/2-1/2

[Event "Wch Blitz"]
[Site "Moscow"]
[Date "2019.12.29"]
[Round "8"]
[White "Kryakvin, Dmitry"]
[Black "Mesropov, Konstantin Eduard"]
[Result "1/2-1/2"]
[WhiteElo "2596"]
[BlackElo "2422"]
[PlyCount "139"]
[EventDate "2019.12.29"]
[EventType "swiss (blitz)"]
[EventRounds "21"]
[EventCountry "RUS"]
[SourceTitle "CBM 193 Extra"]
[Source "ChessBase"]
[SourceDate "2020.01.31"]
[SourceVersion "1"]
[SourceVersionDate "2020.01.31"]
[SourceQuality "1"]

1. d4 e6 2. Nf3 d5 3. c4 c6 4. Nbd2 f5 5. Ne5 Nf6 6. e3 Bd6 7. f4 0-0 8. Be2 Nbd7 9. 0-0 Ne4 10. Nxe4 fxe4 11. Bd2 Qe7 12. c5 Bc7 13. b4 Nxe5 14. fxe5 Bd7 15. Rb1 a6 16. a4 Qh4 17. Qe1 Rxf1+ 18. Bxf1 Qh6 19. b5 axb5 20. axb5 Bd8 21. b6 Bh4 22. g3 Bg5 23. h4 Be7 24. Ra1 Rf8 25. Bg2 g5 26. hxg5 Bxg5 27. Qe2 Be8 28. Ra8 Bh5 29. Rxf8+ Kxf8 30. Qf2+ Kg7 31. Bh1 Bg4 32. Bg2 Bh3 33. Bh1 Bg4 34. Bg2 Bh3 35. Bh1 Qh5 36. Qe1 Bg4 37. Bg2 Bf3 38. Qf2 Qg4 39. Bf1 h5 40. Bg2 h4 41. Kh2 Bxg2 42. Kxg2 hxg3 43. Qxg3 Qe2+ 44. Qf2 Qg4+ 45. Qg3 Qe2+ 46. Qf2 Qxf2+ 47. Kxf2 Kg6 48. Kg3 Kh5 49. Kh3 Bh4 50. Bc3 Bf2 51. Bd2 Bh4 52. Bc3 Bf2 53. Bd2 Kg5 54. Kg2 Bh4 55. Kh3 Kh5 56. Bc3 Bg5 57. Bd2 Bh6 58. Kg3 Bf8 59. Kh3 Kg5 60. Be1 Kf5 61. Kg3 Be7 62. Bd2 Bg5 63. Bc1 Be7 64. Bd2 Kg5 65. Bc1 Kh5 66. Kh3 Bg5 67. Bd2 Bh4 68. Bc3 Bf2 69. Bd2 Bh4 70. Bc3 1/2-1/2